| 000 | 00853cam a22002893a 4500 | ||
|---|---|---|---|
| 001 | 16674 | ||
| 003 | PGUSA | ||
| 005 | 20140828083345.0 | ||
| 008 | 050908s2005||||xxu|||||s|||||000 1 eng d | ||
| 040 |
_aPGUSA _beng |
||
| 042 | _adc | ||
| 050 | 4 | _aPS | |
| 100 | 1 |
_aKyne, Peter B. _q(Peter Bernard), _d1880-1957 |
|
| 245 | 1 | 4 |
_aThe Pride of Palomar _h[electronic resource] / _cPeter B. Kyne |
| 260 |
_bProject Gutenberg, _c2005 |
||
| 506 | _aPublic domain in the USA. | ||
| 516 | _aElectronic text | ||
| 653 | _aWestern stories | ||
| 653 | _aRanch life -- Fiction | ||
| 653 | _aAsian Americans -- Fiction | ||
| 653 | _aCalifornia -- Fiction | ||
| 700 | 1 |
_aCornwell, Dean, _d1892-1960 |
|
| 700 | 1 |
_aBallinger, Harry Russell, _d1892-1993 |
|
| 830 | 0 |
_aProject Gutenberg _v16674 |
|
| 856 | 4 | 0 | _uhttp://www.gutenberg.org/ebooks/16674 |
| 942 | _cEB | ||
| 999 |
_c245929 _d245929 |
||